Statistics for Countries with Leopards

Click here to take the quiz!

General Stats

  • This quiz has been taken 36 times
  • The average score is 41 of 49

Answer Stats

ContinentCountry% Correct
AfricaDemocratic Republic of the Congo
96%
AsiaIndia
96%
AfricaSomalia
96%
AfricaTanzania
96%
AsiaChina
93%
AsiaIndonesia
93%
AsiaIran
93%
AsiaIraq
93%
AfricaKenya
93%
AfricaSouth Africa
93%
AfricaSudan
93%
AfricaUganda
93%
AfricaZambia
93%
AfricaCentral African Republic
89%
AfricaEgypt
89%
AfricaEthiopia
89%
AsiaMalaysia
89%
AfricaNigeria
89%
AsiaPakistan
89%
Asia/ EuropeRussia
89%
AsiaThailand
89%
AfricaZimbabwe
89%
AfricaAngola
85%
AsiaBangladesh
85%
AsiaBhutan
85%
AfricaGhana
85%
AfricaMalawi
85%
AfricaNamibia
85%
AsiaNepal
85%
AsiaSaudi Arabia
85%
AsiaAfghanistan
81%
AfricaBotswana
81%
AfricaCameroon
81%
AfricaMozambique
81%
AfricaSenegal
81%
AfricaSouth Sudan
81%
Asia/ EuropeTurkey
81%
AfricaIvory Coast
78%
AsiaMyanmar
78%
AsiaOman
78%
AsiaYemen
78%
AsiaCambodia
74%
AfricaGabon
74%
AsiaAzerbaijan
70%
AfricaGuinea
70%
AfricaLiberia
70%
AsiaSri Lanka
70%
AsiaArmenia
63%
AfricaEquatorial Guinea
63%

Score Distribution

Percentile by Number Answered

Percent of People with Each Score

Your Score History

You have not taken this quiz